00359 2200145 4500001002100000005001500021035002000036245004700056100002000103300001200123260003200135082000800167084001400175990002400189INLIS00000000000224520250527021544 a0010-05250005371 aMelejitkan Potensi Otak /cMuhamad Musrofi0 aMuhamad Musrofi a208 hlm bPustaka Insan Madani,c2008 a150 a150 MUH m a0713165 s/d 0713166